[Event "36. Copenhagen Open (Politiken Cup)"]
[Site "Elsinore"]
[Date "2014.07.27"]
[Round "8"]
[White "Daulyte, Deimante"]
[Black "Brorsen, Jacob Abildlund"]
[Result "1-0"]
[WhiteElo "2405"]
[BlackElo "2179"]
[PlyCount "95"]
[EventDate "2014.07.21"]
[EventType "swiss"]
[EventRounds "10"]
[EventCountry "DEN"]
[Source "ChessBase"]
[SourceDate "2014.08.29"]

1. e4 e5 2. Nf3 Nc6 3. Bb5 a6 4. Ba4 Nf6 5. O-O Be7 6. d3 b5 7. Bb3 d6 8. a3
O-O 9. Nc3 Bg4 10. Be3 Nd4 11. Bxd4 exd4 12. Nd5 c6 13. Nxe7+ Qxe7 14. h3 Bxf3
15. Qxf3 Nd7 16. Qg3 a5 17. f4 c5 18. a4 bxa4 19. Bxa4 Rab8 20. Bb3 Ra8 21. Qe1
Qd8 22. Ra3 Qb6 23. Qa1 Ra7 24. Ra4 Qc7 25. Qa2 Nf6 26. g3 Rb8 27. Ra1 Rba8 28.
Qb1 Rb8 29. Qa2 Rba8 30. Kg2 Kh8 31. Qb1 Rb8 32. Qa2 Rba8 33. Kh2 Kg8 34. Qb1
Rb8 35. Qe1 Rb4 36. e5 dxe5 37. fxe5 Nh5 38. Rxb4 axb4 39. e6 Kf8 40. exf7 Nf6
41. Rxa7 Qxa7 42. Qe5 Qb6 43. Kg1 h6 44. g4 g5 45. Bc4 Kg7 46. h4 gxh4 47. g5
hxg5 48. Qxg5+ 1-0

[Event "36. Copenhagen Open (Politiken Cup)"]
[Site "Elsinore"]
[Date "2014.07.27"]
[Round "8"]
[White "Derakhshani, Dorsa"]
[Black "Andersen, Daniel"]
[Result "1-0"]
[WhiteElo "2169"]
[BlackElo "1967"]
[PlyCount "21"]
[EventDate "2014.07.21"]
[EventType "swiss"]
[EventRounds "10"]
[EventCountry "DEN"]
[Source "ChessBase"]
[SourceDate "2014.08.29"]

1. e4 e6 2. d4 d5 3. Nc3 Bb4 4. e5 c5 5. a3 Bxc3+ 6. bxc3 Qa5 7. Bd2 Qa4 8.
dxc5 Qe4+ 9. Qe2 Qxc2 10. Qb5+ Nc6 11. Bd3 1-0

[Event "36. Copenhagen Open (Politiken Cup)"]
[Site "Elsinore"]
[Date "2014.07.27"]
[Round "8"]
[White "Djurhuus, Eivind X"]
[Black "Jogvansson, Hjalti Toftum"]
[Result "1/2-1/2"]
[WhiteElo "2079"]
[BlackElo "1944"]
[PlyCount "82"]
[EventDate "2014.07.21"]
[EventType "swiss"]
[EventRounds "10"]
[EventCountry "DEN"]
[Source "ChessBase"]
[SourceDate "2014.08.29"]

1. c4 Nf6 2. Nc3 c5 3. Nf3 g6 4. g3 Bg7 5. Bg2 O-O 6. O-O Nc6 7. d4 cxd4 8.
Nxd4 Nxd4 9. Qxd4 d6 10. Qd3 a6 11. Be3 Bf5 12. Qd2 Rb8 13. Ba7 Ra8 14. Bd4 Rb8
15. a4 Qa5 16. Rfd1 Qb4 17. Rac1 Rfe8 18. e4 Bg4 19. f3 Be6 20. Nd5 Qxa4 21.
Nxf6+ Bxf6 22. Bxf6 exf6 23. Qxd6 Rbd8 24. Qxd8 Rxd8 25. Rxd8+ Kg7 26. Rd3 Bxc4
27. Rd4 b5 28. Rd2 Qb4 29. Rf2 a5 30. Bf1 Bxf1 31. Kxf1 a4 32. Rc3 Qd4 33. Kg2
b4 34. Rc8 Qd3 35. Ra8 Qb3 36. Rd2 h5 37. h4 g5 38. hxg5 fxg5 39. Ra5 Kh6 40.
Ra6+ Kh7 41. Ra5 Kg6 1/2-1/2

[Event "36. Copenhagen Open (Politiken Cup)"]
[Site "Elsinore"]
[Date "2014.07.27"]
[Round "8"]
[White "Eckhardt, Lars H"]
[Black "Jensen, Soren"]
[Result "1-0"]
[WhiteElo "2072"]
[BlackElo "1922"]
[PlyCount "95"]
[EventDate "2014.07.21"]
[EventType "swiss"]
[EventRounds "10"]
[EventCountry "DEN"]
[Source "ChessBase"]
[SourceDate "2014.08.29"]

1. e4 Nc6 2. Nf3 f5 3. exf5 d5 4. d4 Bxf5 5. Bd3 Bxd3 6. Qxd3 e6 7. O-O Qd7 8.
c3 Nf6 9. b4 Bd6 10. Bg5 O-O 11. Nbd2 Qf7 12. b5 Ne7 13. Rae1 Rae8 14. Bxf6
Qxf6 15. Ne5 Qh6 16. Re3 Rf5 17. Rh3 Rh5 18. Qf3 Bxe5 19. Qxh5 Qxh5 20. Rxh5
Bd6 21. Re1 Ng6 22. Rxd5 Nf4 23. Rg5 Nd3 24. Rd1 Bf4 25. Rg4 Nb2 26. Rb1 Bxd2
27. Rxb2 Bxc3 28. Rb3 Ba5 29. Kf1 Rd8 30. Re4 Rd6 31. Rbe3 Kf7 32. Rf3+ Kg8 33.
Ke2 Bb6 34. Rd3 Kf7 35. Rh4 h6 36. Kd2 Rd5 37. a4 Rf5 38. Ke2 e5 39. dxe5 Rxf2+
40. Kd1 Rxg2 41. Rd2 Rg5 42. Re4 Ke7 43. e6 c6 44. Rd7+ Ke8 45. Rxb7 cxb5 46.
e7 Rg1+ 47. Ke2 Rg2+ 48. Kd3 1-0

[Event "36. Copenhagen Open (Politiken Cup)"]
[Site "Elsinore"]
[Date "2014.07.27"]
[Round "8"]
[White "Edwardsson, Hannu Kalervo"]
[Black "Bratveit, Kristoffer"]
[Result "0-1"]
[WhiteElo "1455"]
[BlackElo "1724"]
[PlyCount "38"]
[EventDate "2014.07.21"]
[EventType "swiss"]
[EventRounds "10"]
[EventCountry "DEN"]
[Source "ChessBase"]
[SourceDate "2014.08.29"]

1. e4 Nf6 2. d3 Nc6 3. Nf3 d5 4. exd5 Nxd5 5. Be2 Bf5 6. O-O e6 7. Nc3 Nxc3 8.
bxc3 Qd7 9. Rb1 O-O-O 10. Be3 Bd6 11. Nd4 Nxd4 12. Bxd4 Kb8 13. Bf3 b6 14. c4
Bxh2+ 15. Kxh2 Qxd4 16. Qc1 e5 17. Qa3 Rd6 18. c5 Rh6+ 19. Kg1 Qh4 0-1

[Event "36. Copenhagen Open (Politiken Cup)"]
[Site "Elsinore"]
[Date "2014.07.27"]
[Round "8"]
[White "Egholm, Leif"]
[Black "Jacobsen, Caroline Beer"]
[Result "0-1"]
[WhiteElo "1718"]
[BlackElo "1622"]
[PlyCount "76"]
[EventDate "2014.07.21"]
[EventType "swiss"]
[EventRounds "10"]
[EventCountry "DEN"]
[Source "ChessBase"]
[SourceDate "2014.08.29"]

1. e4 e5 2. f4 d5 3. exd5 Qxd5 4. Nc3 Qe6 5. d3 exf4+ 6. Be2 Bd6 7. Nf3 Nf6 8.
Nb5 Nc6 9. Nxd6+ Qxd6 10. h3 Nd5 11. Kf2 Bf5 12. Re1 O-O-O 13. Ng1 Qc5+ 14. Kf1
Rde8 15. c3 Ne3+ 16. Bxe3 Rxe3 17. d4 Qd6 18. Bg4 Qg6 19. Bxf5+ Qxf5 20. Rxe3
fxe3+ 21. Nf3 Re8 22. Qe2 Qf4 23. Kg1 g5 24. Rf1 Qf5 25. Nh2 Qe6 26. Rf3 f5 27.
g3 Qe4 28. Kf1 f4 29. gxf4 gxf4 30. Ng4 Rf8 31. Nxe3 Re8 32. d5 Nd8 33. d6 fxe3
34. dxc7 Qb1+ 35. Kg2 Rg8+ 36. Rg3 Rxg3+ 37. Kxg3 Qg1+ 38. Kh4 Qf2+ 0-1

[Event "36. Copenhagen Open (Politiken Cup)"]
[Site "Elsinore"]
[Date "2014.07.27"]
[Round "8"]
[White "Eriksson, Christian Altenburg"]
[Black "Nielsen, Morten"]
[Result "1-0"]
[WhiteElo "2153"]
[BlackElo "1970"]
[PlyCount "77"]
[EventDate "2014.07.21"]
[EventType "swiss"]
[EventRounds "10"]
[EventCountry "DEN"]
[Source "ChessBase"]
[SourceDate "2014.08.29"]

1. e4 Nf6 2. e5 Nd5 3. d4 d6 4. Nf3 Bg4 5. Be2 c6 6. O-O Bxf3 7. Bxf3 dxe5 8.
dxe5 e6 9. Re1 Nd7 10. Nd2 Qc7 11. Nc4 N7b6 12. Qe2 h6 13. a3 O-O-O 14. Nxb6+
axb6 15. g3 g5 16. Bh5 b5 17. a4 b4 18. a5 Bc5 19. Qc4 Qe7 20. c3 Rhf8 21. cxb4
Nxb4 22. Be3 Na6 23. Bf3 Bxe3 24. Rxe3 Qb4 25. Qf1 Rd2 26. Rc3 Qxb2 27. Rcc1
Rc2 28. Rxc2 Qxc2 29. Rc1 Qa4 30. Bxc6 Qxa5 31. Ra1 Qb6 32. Bf3 Qb3 33. Kg2 Nb8
34. Rb1 Qa3 35. Bxb7+ Kd8 36. Qc4 Ke7 37. Qc7+ Nd7 38. Rd1 Qa4 39. Qd6+ 1-0

[Event "36. Copenhagen Open (Politiken Cup)"]
[Site "Elsinore"]
[Date "2014.07.27"]
[Round "8"]
[White "Eriksson, Kristian"]
[Black "Weeks, Manuel William"]
[Result "1-0"]
[WhiteElo "2058"]
[BlackElo "2206"]
[PlyCount "81"]
[EventDate "2014.07.21"]
[EventType "swiss"]
[EventRounds "10"]
[EventCountry "DEN"]
[Source "ChessBase"]
[SourceDate "2014.08.29"]

1. e4 e5 2. Nf3 Nc6 3. d4 exd4 4. Nxd4 Nf6 5. Nxc6 bxc6 6. e5 Qe7 7. Qe2 Nd5 8.
c4 Ba6 9. Nd2 g6 10. b3 Bg7 11. Bb2 O-O 12. O-O-O Rfe8 13. Nf3 Nb6 14. Qd2 Rad8
15. Bd3 c5 16. Rhe1 Bb7 17. Be4 Bxe4 18. Rxe4 d5 19. cxd5 Rxd5 20. Qc2 c6 21.
Ree1 Red8 22. Kb1 c4 23. Rxd5 cxd5 24. Nd4 Rc8 25. Qe2 Qc5 26. Rc1 Bh6 27. e6
Qe7 28. exf7+ Qxf7 29. Re1 c3 30. Bc1 Bg7 31. Be3 Qe7 32. Nc2 Re8 33. Qd3 Qd6
34. g3 d4 35. Rd1 Rd8 36. Bxd4 Qc7 37. Qe2 Qd6 38. Qd3 Qc7 39. Qe4 a5 40. Qe6+
Qf7 41. Qxb6 1-0

[Event "36. Copenhagen Open (Politiken Cup)"]
[Site "Elsinore"]
[Date "2014.07.27"]
[Round "8"]
[White "Evertsson, Lennart"]
[Black "Pallesen, Jacob"]
[Result "1/2-1/2"]
[WhiteElo "2196"]
[BlackElo "2031"]
[PlyCount "114"]
[EventDate "2014.07.21"]
[EventType "swiss"]
[EventRounds "10"]
[EventCountry "DEN"]
[Source "ChessBase"]
[SourceDate "2014.08.29"]

1. c4 g6 2. Nc3 c5 3. Nf3 Bg7 4. e3 Nf6 5. d4 cxd4 6. exd4 d5 7. cxd5 Nxd5 8.
Qb3 Nxc3 9. bxc3 O-O 10. Be2 Nc6 11. O-O b6 12. Bg5 Be6 13. Qa3 Qd6 14. Qc1 Bd5
15. Bf4 Qd7 16. Re1 Bxf3 17. Bxf3 Rac8 18. Qe3 e6 19. Rad1 Ne7 20. Qd3 Nd5 21.
Bd2 Qa4 22. Be2 Rc7 23. c4 Nb4 24. Bxb4 Qxb4 25. Qb3 Qxb3 26. axb3 Rd8 27. d5
exd5 28. cxd5 Bc3 29. Rf1 Rc5 30. Bf3 Kf8 31. Rd3 Ke7 32. g4 h6 33. Be4 Kd6 34.
Rh3 Re8 35. Bg2 Bd2 36. f4 Be3+ 37. Kh1 Rc1 38. Rhf3 Rxf1+ 39. Rxf1 Rc8 40. f5
Rc1 41. Rxc1 Bxc1 42. fxg6 fxg6 43. Be4 a5 44. Kg2 b5 45. Kf3 a4 46. bxa4 bxa4
47. Bc2 a3 48. Bb3 Kc5 49. h4 g5 50. h5 Bf4 51. Ke4 Kb4 52. Ba2 Kc3 53. d6 Bxd6
54. Kf5 Kd4 55. Kg6 Ke5 56. Kxh6 Kf4 57. Be6 a2 1/2-1/2

[Event "36. Copenhagen Open (Politiken Cup)"]
[Site "Elsinore"]
[Date "2014.07.27"]
[Round "8"]
[White "Fossan, Andreas"]
[Black "Jensen, Michael Agermose"]
[Result "0-1"]
[WhiteElo "1712"]
[BlackElo "2011"]
[PlyCount "58"]
[EventDate "2014.07.21"]
[EventType "swiss"]
[EventRounds "10"]
[EventCountry "DEN"]
[Source "ChessBase"]
[SourceDate "2014.08.29"]

1. d4 g6 2. c4 Bg7 3. e4 c5 4. d5 d6 5. Nc3 e5 6. f3 f5 7. Be3 Nf6 8. Bd3 fxe4
9. Bxe4 Bf5 10. Nge2 Bxe4 11. Nxe4 Nxe4 12. fxe4 O-O 13. Qc2 b5 14. cxb5 a6 15.
b6 Qxb6 16. O-O-O Nd7 17. Nc3 Nf6 18. Rhf1 Ng4 19. Qe2 Nxe3 20. Qxe3 Rab8 21.
b3 Qb4 22. Rxf8+ Bxf8 23. Qd3 a5 24. Rf1 a4 25. Nxa4 Qa3+ 26. Nb2 Qxa2 27. Qf3
Bh6+ 28. Kc2 c4 29. bxc4 Rxb2+ 0-1

[Event "36. Copenhagen Open (Politiken Cup)"]
[Site "Elsinore"]
[Date "2014.07.27"]
[Round "8"]
[White "Fossan, Petter"]
[Black "Ramirez, Alejandro"]
[Result "1/2-1/2"]
[WhiteElo "2257"]
[BlackElo "2580"]
[PlyCount "24"]
[EventDate "2014.07.21"]
[EventType "swiss"]
[EventRounds "10"]
[EventCountry "DEN"]
[Source "ChessBase"]
[SourceDate "2014.08.29"]

1. e4 e6 2. d4 d5 3. Nd2 h6 4. c3 c5 5. exd5 exd5 6. Ngf3 Nc6 7. Bb5 Bd6 8.
dxc5 Bxc5 9. O-O Nge7 10. Nb3 Bd6 11. Be3 O-O 12. Bc5 Bxc5 1/2-1/2

[Event "36. Copenhagen Open (Politiken Cup)"]
[Site "Elsinore"]
[Date "2014.07.27"]
[Round "8"]
[White "Franzen, Per Erik"]
[Black "Hoyer, Jacob K"]
[Result "0-1"]
[WhiteElo "2050"]
[BlackElo "2200"]
[PlyCount "81"]
[EventDate "2014.07.21"]
[EventType "swiss"]
[EventRounds "10"]
[EventCountry "DEN"]
[Source "ChessBase"]
[SourceDate "2014.08.29"]

1. Nf3 Nf6 2. d4 g6 3. c4 Bg7 4. Nc3 d5 5. cxd5 Nxd5 6. e4 Nxc3 7. bxc3 c5 8.
Rb1 O-O 9. Be2 cxd4 10. cxd4 Qa5+ 11. Qd2 Qxd2+ 12. Bxd2 b6 13. O-O Bb7 14. Bd3
Rd8 15. Bg5 Kf8 16. e5 Bd5 17. Rbc1 Nc6 18. Bb5 Bxf3 19. Bxc6 Bxc6 20. Rxc6
Rxd4 21. f4 h6 22. Bh4 Ke8 23. Rc7 g5 24. Bg3 gxf4 25. Bxf4 Re4 26. Rc6 h5 27.
g3 Kd7 28. Rc2 Bxe5 29. Bxe5 Rxe5 30. Rxf7 Rc8 31. Rd2+ Kc6 32. Kg2 Rg8 33. h3
b5 34. Kf3 b4 35. Kf4 Re1 36. Rf2 a5 37. Rc2+ Kb6 38. Rh7 Rf1+ 39. Ke5 Rxg3 40.
Rxh5 Rc3 41. Rh6+ 0-1

[Event "36. Copenhagen Open (Politiken Cup)"]
[Site "Elsinore"]
[Date "2014.07.27"]
[Round "8"]
[White "Frederiksen Kristian, Pade"]
[Black "Hinrichs, Lars"]
[Result "0-1"]
[WhiteElo "1828"]
[BlackElo "2003"]
[PlyCount "64"]
[EventDate "2014.07.21"]
[EventType "swiss"]
[EventRounds "10"]
[EventCountry "DEN"]
[Source "ChessBase"]
[SourceDate "2014.08.29"]

1. e4 e6 2. d4 d5 3. Nd2 Nf6 4. e5 Nfd7 5. f4 c5 6. c3 Nc6 7. Ndf3 Qb6 8. a3 f6
9. b4 cxd4 10. cxd4 Be7 11. g3 O-O 12. Bg2 a5 13. bxa5 Qxa5+ 14. Bd2 Qa4 15.
Qxa4 Rxa4 16. Ne2 Rxa3 17. O-O Nb6 18. exf6 Rxa1 19. f7+ Kxf7 20. Rxa1 g6 21.
f5 gxf5 22. Bh6 Rg8 23. Nf4 Bf6 24. Rd1 Nc4 25. Kf2 b5 26. Nh5 b4 27. Nxf6 Kxf6
28. Nd2 Nxd2 29. Rxd2 Ba6 30. Bf3 Bc4 31. h4 Ra8 32. Ke3 b3 0-1

[Event "36. Copenhagen Open (Politiken Cup)"]
[Site "Elsinore"]
[Date "2014.07.27"]
[Round "8"]
[White "Fricano, Paul Royal"]
[Black "Lindblom, Roar"]
[Result "1-0"]
[WhiteElo "2013"]
[BlackElo "1865"]
[PlyCount "65"]
[EventDate "2014.07.21"]
[EventType "swiss"]
[EventRounds "10"]
[EventCountry "DEN"]
[Source "ChessBase"]
[SourceDate "2014.08.29"]

1. e4 e5 2. Nf3 Nc6 3. d4 exd4 4. Nxd4 Nf6 5. Nxc6 bxc6 6. e5 Qe7 7. Qe2 Nd5 8.
c4 Ba6 9. b3 g6 10. g3 Bg7 11. Bb2 O-O 12. Qe4 Nb6 13. Nd2 Bb7 14. a4 Rab8 15.
Qe2 d6 16. a5 Nd7 17. f4 c5 18. Bg2 Bxg2 19. Qxg2 dxe5 20. f5 e4 21. Bxg7 Kxg7
22. O-O Nf6 23. Rae1 Rfe8 24. Re3 Qe5 25. g4 g5 26. Rfe1 Qd4 27. Qe2 Rbd8 28.
Nf1 h6 29. Ng3 Re7 30. h3 Red7 31. Kg2 Qd2 32. Nxe4 Re7 33. Nxd2 1-0

[Event "36. Copenhagen Open (Politiken Cup)"]
[Site "Elsinore"]
[Date "2014.07.27"]
[Round "8"]
[White "Gajic, Mladen"]
[Black "Stray, Gunnar"]
[Result "1-0"]
[WhiteElo "2201"]
[BlackElo "2053"]
[PlyCount "71"]
[EventDate "2014.07.21"]
[EventType "swiss"]
[EventRounds "10"]
[EventCountry "DEN"]
[Source "ChessBase"]
[SourceDate "2014.08.29"]

1. d4 d5 2. Bg5 c6 3. Nc3 h6 4. Bh4 Bf5 5. Qd2 Nd7 6. f3 Ngf6 7. g4 Bg6 8. Bg3
e6 9. Nh3 Nb6 10. e3 Bd6 11. Nf4 Bxf4 12. Bxf4 Qe7 13. h4 Qb4 14. a3 Qe7 15. b3
Rc8 16. Qh2 a6 17. b4 Qd8 18. Bd3 Nc4 19. h5 Bh7 20. O-O b5 21. Ne2 a5 22. a4
axb4 23. Nc1 Ra8 24. Bc7 Qd7 25. Nb3 O-O 26. Nc5 Qc8 27. axb5 cxb5 28. Bf4 Qc6
29. g5 hxg5 30. Bxg5 Nd7 31. h6 g6 32. Be7 e5 33. Bxf8 Rxf8 34. Ra6 Ndb6 35.
Bxc4 dxc4 36. Qxe5 1-0

[Event "36. Copenhagen Open (Politiken Cup)"]
[Site "Elsinore"]
[Date "2014.07.27"]
[Round "8"]
[White "Green, Per"]
[Black "Schultz Pedersen, Jesper"]
[Result "1/2-1/2"]
[WhiteElo "1984"]
[BlackElo "2235"]
[PlyCount "59"]
[EventDate "2014.07.21"]
[EventType "swiss"]
[EventRounds "10"]
[EventCountry "DEN"]
[Source "ChessBase"]
[SourceDate "2014.08.29"]

1. Nf3 d5 2. d4 c5 3. c4 dxc4 4. d5 e6 5. Nc3 exd5 6. Nxd5 Nf6 7. Nxf6+ Qxf6 8.
Qa4+ Qc6 9. Qxc4 Be6 10. Qc3 Nd7 11. g3 Be7 12. Bg2 Bf6 13. Qc2 h6 14. O-O Qb6
15. Rd1 O-O 16. Bf4 Rac8 17. Rd6 Qxb2 18. Qxb2 Bxb2 19. Rb1 Ba3 20. Rxb7 c4 21.
Rdxd7 Bxd7 22. Rxd7 c3 23. Rxa7 g5 24. Be3 Bc5 25. Bxc5 Rxc5 26. Ne1 Rd8 27.
Ra8 Rxa8 28. Bxa8 c2 29. Nxc2 Rxc2 30. Bf3 1/2-1/2

[Event "36. Copenhagen Open (Politiken Cup)"]
[Site "Elsinore"]
[Date "2014.07.27"]
[Round "8"]
[White "Greeuw, Sietske"]
[Black "Carnstam, Tomas"]
[Result "1/2-1/2"]
[WhiteElo "1949"]
[BlackElo "2097"]
[PlyCount "85"]
[EventDate "2014.07.21"]
[EventType "swiss"]
[EventRounds "10"]
[EventCountry "DEN"]
[Source "ChessBase"]
[SourceDate "2014.08.29"]

1. e4 g6 2. d4 Bg7 3. Nc3 d6 4. Bc4 Nf6 5. Qe2 c6 6. Nf3 O-O 7. O-O b5 8. Bd3
b4 9. Nd1 Nh5 10. a3 c5 11. dxc5 dxc5 12. axb4 cxb4 13. c3 bxc3 14. Nxc3 Nd7
15. Be3 Nb6 16. Rfd1 Bxc3 17. bxc3 Qc7 18. Bd4 Bg4 19. h3 Nf4 20. Qe3 Bxf3 21.
Qxf3 e5 22. Be3 Qxc3 23. Rac1 Qb3 24. Bxf4 exf4 25. Qxf4 Rad8 26. Be2 a5 27. h4
Rxd1+ 28. Bxd1 Qe6 29. h5 f5 30. hxg6 Qxg6 31. Bb3+ Kh8 32. Qe5+ Qf6 33. Qxa5
fxe4 34. Qa1 Nd7 35. Qxf6+ Nxf6 36. Re1 Kg7 37. Bc2 Re8 38. Re3 Kh6 39. Bb1 Kg5
40. f3 exf3 41. Rxe8 Nxe8 42. gxf3 h6 43. Be4 1/2-1/2

[Event "36. Copenhagen Open (Politiken Cup)"]
[Site "Elsinore"]
[Date "2014.07.27"]
[Round "8"]
[White "Hagesaether, Arne"]
[Black "Westerlund, Ola"]
[Result "1/2-1/2"]
[WhiteElo "2145"]
[BlackElo "1817"]
[PlyCount "85"]
[EventDate "2014.07.21"]
[EventType "swiss"]
[EventRounds "10"]
[EventCountry "DEN"]
[Source "ChessBase"]
[SourceDate "2014.08.29"]

1. e4 d6 2. d4 Nf6 3. Nc3 g6 4. g3 Bg7 5. Bg2 O-O 6. h3 c6 7. a4 e5 8. Nge2 Re8
9. O-O Qc7 10. Be3 b6 11. Qd2 Bb7 12. Rad1 a6 13. dxe5 dxe5 14. g4 Nfd7 15. Ng3
b5 16. Bh6 b4 17. Nce2 a5 18. Bxg7 Kxg7 19. Rfe1 Nc5 20. Qg5 Ne6 21. Nh5+ Kh8
22. Qf6+ Kg8 23. Nhg3 Nd7 24. Qf3 Ndc5 25. b3 Rad8 26. h4 Rxd1 27. Rxd1 Rd8 28.
Rc1 Qe7 29. g5 Nd4 30. Nxd4 Rxd4 31. Qe3 Qd6 32. Bf1 Ba6 33. c3 bxc3 34. Qxc3
Bxf1 35. Qxc5 Bh3 36. Qxd6 Rxd6 37. Rc5 Be6 38. h5 h6 39. Rxe5 Bxb3 40. Rxa5
hxg5 41. hxg6 fxg6 42. Ra7 c5 43. f3 1/2-1/2

[Event "36. Copenhagen Open (Politiken Cup)"]
[Site "Elsinore"]
[Date "2014.07.27"]
[Round "8"]
[White "Hallerod, Ralph"]
[Black "Degerfeldt, Sven"]
[Result "1-0"]
[WhiteElo "2126"]
[BlackElo "1920"]
[PlyCount "85"]
[EventDate "2014.07.21"]
[EventType "swiss"]
[EventRounds "10"]
[EventCountry "DEN"]
[Source "ChessBase"]
[SourceDate "2014.08.29"]

1. d4 d5 2. c4 e6 3. Nc3 Be7 4. Nf3 Nf6 5. Bg5 c6 6. e3 Nbd7 7. Qc2 O-O 8. cxd5
exd5 9. Bd3 h6 10. Bf4 a6 11. h3 c5 12. dxc5 Nxc5 13. O-O Nxd3 14. Qxd3 Be6 15.
Rfd1 Qd7 16. Ne5 Qd8 17. a3 Rc8 18. Nf3 Qb6 19. Be5 Rfd8 20. g4 Ne4 21. Nxe4
dxe4 22. Qxe4 Rxd1+ 23. Rxd1 Qb3 24. Qd3 Qa4 25. Bc3 Bxg4 26. Kg2 Bxf3+ 27.
Kxf3 Rd8 28. Bd4 Qc6+ 29. Qe4 Qxe4+ 30. Kxe4 Bf6 31. Rc1 Bxd4 32. exd4 Rd7 33.
Rc8+ Kh7 34. d5 Kg6 35. Ke5 f5 36. Ke6 Rf7 37. d6 Rf6+ 38. Ke5 Kf7 39. d7 Re6+
40. Kf4 g5+ 41. Kf3 g4+ 42. hxg4 fxg4+ 43. Kg3 1-0

[Event "36. Copenhagen Open (Politiken Cup)"]
[Site "Elsinore"]
[Date "2014.07.27"]
[Round "8"]
[White "Hansen, Max"]
[Black "Risting, Eivind Olav"]
[Result "1/2-1/2"]
[WhiteElo "2009"]
[BlackElo "1875"]
[PlyCount "30"]
[EventDate "2014.07.21"]
[EventType "swiss"]
[EventRounds "10"]
[EventCountry "DEN"]
[Source "ChessBase"]
[SourceDate "2014.08.29"]

1. d4 Nf6 2. Nf3 c5 3. g3 cxd4 4. Nxd4 e5 5. Nb3 d5 6. Bg2 Bb4+ 7. c3 Be7 8.
O-O Nc6 9. Bg5 Be6 10. Bxf6 Bxf6 11. Nc5 O-O 12. Qb3 Qe7 13. Nxe6 fxe6 14. Nd2
Rac8 15. Rad1 Rfd8 1/2-1/2

[Event "36. Copenhagen Open (Politiken Cup)"]
[Site "Elsinore"]
[Date "2014.07.27"]
[Round "8"]
[White "Hansen, Tommy"]
[Black "Petersen, Jan"]
[Result "1-0"]
[WhiteElo "1797"]
[BlackElo "1638"]
[PlyCount "51"]
[EventDate "2014.07.21"]
[EventType "swiss"]
[EventRounds "10"]
[EventCountry "DEN"]
[Source "ChessBase"]
[SourceDate "2014.08.29"]

1. e4 c5 2. Nf3 d6 3. d4 cxd4 4. Nxd4 Nf6 5. Nc3 a6 6. Bg5 e6 7. f4 h6 8. Bh4
Be7 9. Qf3 Qc7 10. O-O-O Nc6 11. Nxc6 bxc6 12. Bd3 Bb7 13. Rhe1 Nd7 14. Bxe7
Kxe7 15. Qg3 c5 16. e5 d5 17. f5 Qa5 18. fxe6 Kxe6 19. Qg4+ Ke7 20. e6 Nf6 21.
exf7+ Kf8 22. Qe6 Qd8 23. Bg6 Bc8 24. Qc6 Ra7 25. Re8+ Nxe8 26. Qxe8+ 1-0

[Event "36. Copenhagen Open (Politiken Cup)"]
[Site "Elsinore"]
[Date "2014.07.27"]
[Round "8"]
[White "Hansen, Verner"]
[Black "Boukhris, Yacine"]
[Result "1/2-1/2"]
[WhiteElo "1888"]
[BlackElo "2073"]
[PlyCount "116"]
[EventDate "2014.07.21"]
[EventType "swiss"]
[EventRounds "10"]
[EventCountry "DEN"]
[Source "ChessBase"]
[SourceDate "2014.08.29"]

1. e4 e6 2. d4 d5 3. Nd2 Be7 4. Ngf3 Nf6 5. e5 Nfd7 6. Bd3 c5 7. c3 Nc6 8. O-O
Qb6 9. dxc5 Nxc5 10. Bc2 Qc7 11. Re1 b6 12. Nb3 Ba6 13. Bf4 Rc8 14. Nbd4 Nxd4
15. Nxd4 h5 16. Qd2 Nd7 17. Qe3 Bc5 18. Rad1 Nb8 19. Qg3 Kf8 20. Nf3 Nc6 21.
Bb3 Ne7 22. Nh4 Bb7 23. Qg5 b5 24. Rd3 Qb6 25. Be3 g6 26. Qf6 Rg8 27. Bh6+ Ke8
28. Rf3 Nf5 29. Nxf5 gxf5 30. Qh4 d4 31. Rg3 Rg4 32. Rxg4 hxg4 33. cxd4 Bxd4
34. h3 gxh3 35. Bf4 hxg2 36. Bg3 Qc5 37. Qh8+ Qf8 38. Qf6 Qe7 39. Qh6 Qf8 40.
Qh4 Qc5 41. Qf4 Be4 42. Kh2 Kd7 43. Rxe4 Rh8+ 44. Kxg2 fxe4 45. Qxf7+ Qe7 46.
Bxe6+ Kd8 47. Qf5 Qh7 48. Qf6+ Kc7 49. Kf1 Bxb2 50. Bg4 Kb7 51. Qd6 Qc7 52.
Qxc7+ Kxc7 53. Ke2 Re8 54. e6+ Kc6 55. Bh4 Kd5 56. e7 Ba3 57. Bd7 Rxe7 58. Bxe7
Bxe7 1/2-1/2

[Event "36. Copenhagen Open (Politiken Cup)"]
[Site "Elsinore"]
[Date "2014.07.27"]
[Round "8"]
[White "Haug, Johannes"]
[Black "Muschik, Benedikt"]
[Result "1-0"]
[WhiteElo "2136"]
[BlackElo "2353"]
[PlyCount "63"]
[EventDate "2014.07.21"]
[EventType "swiss"]
[EventRounds "10"]
[EventCountry "DEN"]
[Source "ChessBase"]
[SourceDate "2014.08.29"]

1. e4 g6 2. d4 Bg7 3. Nf3 d6 4. Bc4 a6 5. Bb3 e6 6. O-O Nd7 7. Re1 Ne7 8. c3 b6
9. Nbd2 Bb7 10. Nf1 h6 11. Ng3 Nf6 12. h3 O-O 13. Bc2 c5 14. Be3 cxd4 15. cxd4
Rc8 16. Rc1 Kh7 17. Qd2 Nd7 18. Bb1 Rxc1 19. Qxc1 b5 20. Qd2 Nb6 21. b3 f5 22.
Bf4 Nc6 23. d5 Ne5 24. dxe6 fxe4 25. Bxe4 Bxe4 26. Rxe4 Qf6 27. Nxe5 d5 28. Ng4
Qh4 29. Re1 h5 30. Bg5 Bc3 31. Bxh4 Bxd2 32. e7 1-0

[Event "36. Copenhagen Open (Politiken Cup)"]
[Site "Elsinore"]
[Date "2014.07.27"]
[Round "8"]
[White "Helin, Mikael"]
[Black "Skovgaard, Ib"]
[Result "1-0"]
[WhiteElo "1885"]
[BlackElo "2019"]
[PlyCount "71"]
[EventDate "2014.07.21"]
[EventType "swiss"]
[EventRounds "10"]
[EventCountry "DEN"]
[Source "ChessBase"]
[SourceDate "2014.08.29"]

1. e4 Nf6 2. Nc3 d5 3. d4 Nxe4 4. Nxe4 dxe4 5. Bf4 Nd7 6. f3 c5 7. d5 Nf6 8.
fxe4 Nxe4 9. Qd3 Nd6 10. O-O-O a6 11. Qf3 g6 12. g4 Bg7 13. h4 Qb6 14. c3 h5
15. gxh5 Rxh5 16. Bg5 Bf5 17. Re1 O-O-O 18. Rxe7 c4 19. Bh3 Rxh4 20. Bxf5+ Nxf5
21. Bxh4 Nxh4 22. Qxf7 Nf5 23. Re8 Bh6+ 24. Kb1 Bg5 25. Nf3 Rxe8 26. Qxe8+ Bd8
27. Rh7 Nd6 28. Qd7+ Kb8 29. Rh8 Ka7 30. Nd4 Bc7 31. Rh7 Nb5 32. d6 Nxc3+ 33.
Kc2 Qxd4 34. dxc7 Nd5 35. c8=N+ Kb8 36. Qxb7# 1-0

[Event "36. Copenhagen Open (Politiken Cup)"]
[Site "Elsinore"]
[Date "2014.07.27"]
[Round "8"]
[White "Henningsen, Lasse"]
[Black "Klings, Peter"]
[Result "0-1"]
[WhiteElo "1830"]
[BlackElo "2128"]
[PlyCount "53"]
[EventDate "2014.07.21"]
[EventType "swiss"]
[EventRounds "10"]
[EventCountry "DEN"]
[Source "ChessBase"]
[SourceDate "2014.08.29"]

1. e4 g6 2. d4 Bg7 3. Nc3 d6 4. Be3 a6 5. f3 Nd7 6. Qd2 b5 7. g4 Bb7 8. h4 h5
9. g5 e6 10. O-O-O Ne7 11. Nh3 Rc8 12. Kb1 O-O 13. Ne2 e5 14. d5 c6 15. dxc6
Rxc6 16. Nc3 Nb6 17. Nxb5 axb5 18. Bxb5 d5 19. Bxc6 Bxc6 20. Bc5 Na4 21. Ba3
Qb8 22. c4 dxc4 23. Bxe7 c3 24. Qc2 Nxb2 25. Ka1 Ba4 26. Qc1 Nxd1 27. Rxd1 0-1